| 000 | 01056nam a22003017a 4500 | ||
|---|---|---|---|
| 003 | CHAP | ||
| 005 | 20220329141518.0 | ||
| 008 | 971013s1980 r 00010 d | ||
| 010 | _a69338 | ||
| 011 | _a70310 | ||
| 035 | _a79791 | ||
| 040 | _cCHAP | ||
| 082 |
_a413 _bM8 |
||
| 245 | _aMultidiccionario alemán-español, español-alemán, francés-español, español-francés, inglés-español, español-inglés | ||
| 260 |
_aBarcelona : _bNauta, _c1980 |
||
| 300 | _a543 p. | ||
| 500 | _a33-242 | ||
| 590 |
_aBATCH-UPD _b10 _c20130110 _lUCH01 _h2324 |
||
| 590 |
_aBATCH-UPD _b10 _c20130410 _lUCH01 _h1614 |
||
| 590 |
_aBATCH-UPD _b10 _c20130914 _lUCH01 _h1704 |
||
| 590 |
_aCONVERSION _b10 _c20130109 _lUCH01 _h1338 |
||
| 650 | 1 | 4 |
_aDiccionarios políglotas. _932449 |
| 901 | _aBK | ||
| 942 | _cLIBRO | ||
| 949 |
_a413 M8 _bBC _cC _d33724000516779 _eC _fc.2 _gI. 14773 _h76457 _i79791 _si _t49.00 |
||
| 949 |
_a413 M8 _bBC _cC _d33724000900338 _eC _gI.14772 _h76456 _i79791 _si _t49.00 |
||
| 949 |
_a413 M8 _bBC _cC _d33724002201777 _eC _fc.3 _gI. 14774 _h76458 _i79791 _si _t49.00 |
||
| 999 |
_c69338 _d69338 |
||